000 00405nam a2200181Ia 4500
001 15313
005 20260306170147.0
008 260306t2012||||xx |||||||||||||| ||und||
041 _aESP
082 _a531.12
_bP99
100 _aPytel, Andrew
_eAUT
245 0 _aIngeniería mecánica:
_bestática
260 _c2012
300 _a
_c
650 _aGEN
654 _aCCN
942 _cLIB
_dJUS
_fJUS
_2ddc
_n
999 _c15313
_d15313